000 05982nam a22006975i 4500
001 978-3-031-32924-1
003 DE-He213
005 20260304123928.0
007 cr nn 008mamaa
008 230730s2023 sz | s |||| 0|eng d
020 _a9783031329241
_9978-3-031-32924-1
024 7 _a10.1007/978-3-031-32924-1
_2doi
050 4 _aJF1525.P6
072 7 _aJPP
_2bicssc
072 7 _aPOL028000
_2bisacsh
072 7 _aJPP
_2thema
082 0 4 _a320.6
_223
100 1 _aCeleste, Edoardo.
_eauthor.
_4aut
_4http://id.loc.gov/vocabulary/relators/aut
_923403
245 1 4 _aThe Content Governance Dilemma
_h[electronic resource] :
_bDigital Constitutionalism, Social Media and the Search for a Global Standard /
_cby Edoardo Celeste, Nicola Palladino, Dennis Redeker, Kinfe Yilma.
250 _a1st ed. 2023.
264 1 _aCham :
_bSpringer International Publishing :
_bImprint: Palgrave Macmillan,
_c2023.
300 _aXV, 143 p. 3 illus.
_bonline resource.
336 _atext
_btxt
_2rdacontent
337 _acomputer
_bc
_2rdamedia
338 _aonline resource
_bcr
_2rdacarrier
341 0 _bTable of contents navigation
_2onix
341 0 _bSingle logical reading order
_2onix
341 0 _bShort alternative textual descriptions
_2onix
341 0 _bUse of color is not sole means of conveying information
_2onix
341 0 _bUse of high contrast between text and background color
_2onix
341 0 _bNext / Previous structural navigation
_2onix
341 0 _bAll non-decorative content supports reading without sight
_2onix
347 _atext file
_bPDF
_2rda
490 1 _aInformation Technology and Global Governance,
_x2946-3300
505 0 _a1. Introduction -- 2. The Content Governance Dilemma -- 3. The International Law of Content Governance -- 4. Shaping Standards from Below: Insights from the Civil Society -- 5. Platform Policies vs Human Rights Standards -- 6. Conclusion.
506 0 _aOpen Access
520 _aThis open access book is one of the first academic works to comprehensively analyse the dilemma concerning global content governance on social media. To date, no single human rights standard exists across all social media platforms, allowing private companies to set their own rules, values and parameters. On the one hand, this normative autonomy raises serious concerns, primarily around whether companies should be permitted to establish the rules governing free speech online. On the other hand, if social media platforms simply adopted international law standards, they would be compelled to operate a choice on which model to follow, and put in place mechanisms to uphold these general standards. This book examines this topic from a multidisciplinary perspective, drawing from the expertise of the authors in law, political science and communication studies. It provides a carefully reconstructed theory of the content governance dilemma, as well as pragmatic solutions for companies and policymakers. In this way, the book not only benefits academics by advancing the debate on content moderation issues, but also informs new policies and regulatory strategies by offering an up-to-date overview of rules and tools for content moderation, as well as an evaluation of their current level of compliance with standards emerged in international human rights law and digital constitutionalism initiatives. Edoardo Celeste is Assistant Professor of Law, Technology and Innovation and Director of the European Master in Law, Data and AI at the School of Law and Government, Dublin City University, Ireland. Nicola Palladino is a Research Fellow under the Human+ Co-Fund Marie Skłodowska-Curie Programme at the Trinity Long Room Hub Arts and Humanities Research Institute, Trinity College Dublin, Ireland. Dennis Redeker is a Postdoctoral Researcher at ZeMKI, Centre for Media, Communication and Information Research, University of Bremen, Germany. Kinfe Yilma is Assistant Professor of Law at the School of Law, Addis Ababa University, Ethiopia.
532 8 _aAccessibility summary: This PDF does not fully comply with PDF/UA standards, but does feature limited screen reader support, described non-text content (images, graphs), bookmarks for easy navigation and searchable, selectable text. Users of assistive technologies may experience difficulty navigating or interpreting content in this document. We recognize the importance of accessibility, and we welcome queries about accessibility for any of our products. If you have a question or an access need, please get in touch with us at accessibilitysupport@springernature.com.
532 8 _aNo reading system accessibility options actively disabled
532 8 _aPublisher contact for further accessibility information: accessibilitysupport@springernature.com
650 0 _aPolitical planning.
650 0 _aLaw in mass media.
_923404
650 0 _aDigital media.
_9327
650 1 4 _aPublic Policy.
650 2 4 _aMedia Law.
_923405
650 2 4 _aDigital and New Media.
_9330
700 1 _aPalladino, Nicola.
_eauthor.
_0(orcid)0000-0001-5472-5814
_1https://orcid.org/0000-0001-5472-5814
_4aut
_4http://id.loc.gov/vocabulary/relators/aut
_923406
700 1 _aRedeker, Dennis.
_eauthor.
_4aut
_4http://id.loc.gov/vocabulary/relators/aut
_923407
700 1 _aYilma, Kinfe.
_eauthor.
_0(orcid)0000-0003-2514-0491
_1https://orcid.org/0000-0003-2514-0491
_4aut
_4http://id.loc.gov/vocabulary/relators/aut
_923408
710 2 _aSpringerLink (Online service)
773 0 _tSpringer Nature eBook
776 0 8 _iPrinted edition:
_z9783031329234
776 0 8 _iPrinted edition:
_z9783031329258
830 0 _aInformation Technology and Global Governance,
_x2946-3300
_923409
856 4 0 _uhttps://doi.org/10.1007/978-3-031-32924-1
912 _aZDB-2-POS
912 _aZDB-2-SXPI
912 _aZDB-2-SOB
999 _c574790
_d574790